| 000 | 01628nac a22002771u 4500 | ||
|---|---|---|---|
| 008 | 100228s2009 nju|||||r|||| 001 0 eng d | ||
| 010 | _a 95037679 | ||
| 020 | _a9780132061193 | ||
| 020 | _a0132061198 | ||
| 082 | 0 | 0 |
_a624.1821 _bSAL _222 |
| 100 |
_aSalmon, Charles G. _911971 |
||
| 245 | 1 | 0 |
_aSteel Structures, Design and Behavior : _bEmphasizing Load and Resistance Factor Design / _cCharles G. Salmon, John E. Johnson& Faris A. Malhas |
| 250 | _a5th ed. | ||
| 260 |
_aNew Jersey : _bPearson Printice-Hall, 2009 _c2009 |
||
| 300 |
_a884 p. : _bill. ; _c25 cm. |
||
| 504 | _aIncludes bibliographical references and index. | ||
| 650 | 0 |
_aBuilding, Iron and steel. _911972 |
|
| 650 | 0 |
_aSteel, Structural. _911973 |
|
| 700 | 1 |
_aJohnson, John Edwin, _d1931- _911974 |
|
| 700 | 1 |
_aMalhas, Faris A. _d1931- _911970 |
|
| 942 |
_cNB _k624.1821SAL _2ddc |
||
| 999 |
_c13526 _d13526 |
||